| 000 | 01155cam a22002535a 4500 | ||
|---|---|---|---|
| 001 | E145461 | ||
| 008 | 091207s2009 xxk f 000 0 eng d | ||
| 020 | _a9781848061132 | ||
| 035 | _a(Sirsi) u148961 | ||
| 041 | 0 | _aeng | |
| 050 | 0 | 4 | _a690.241 $2 18 |
| 100 | 1 | _aDe Vekey, Bob | |
| 245 | 0 | 0 |
_aConservation and cleaning of masonry _bpart 2, brickwork, blockwork and terracotta |
| 260 |
_aGarston _bBRE _c2009 |
||
| 300 |
_a24p. _bcol. ill. _c30cm. |
||
| 490 | 0 |
_aBRE Digest _vDG 508 Part 2 |
|
| 520 | _aOffers advice on identifying the causes of deterioration in various masonry materials, and suggests safe and effective conservation methods to remedy the situation. Supplements the information on principles of conserving masonry contained in BRE Digest 502 (L138176). Part 1 (E145461) deals with stonework and part 3 (E152919) with renders, plasters and stucco. | ||
| 521 | _aAdvanced | ||
| 590 | _aKA | ||
| 651 | 4 |
_aUnited Kingdom _y |
|
| 690 | _aBUILT ENVIRONMENT-BUILDING MATERIALS-NON CEMENTITIOUS MATERIALS-CLAY BASED MATERIALS | ||
| 690 | _aBUILT ENVIRONMENT-BUILDING MAINTENANCE AND REFURBISHMENT-BUILDING CONSERVATION | ||
| 942 | _n0 | ||
| 999 |
_c110307 _d110307 |
||